Alternativas de transporte en américa latina: la bicicleta y los triciclos
Guardat en:
| Autors principals: | , , |
|---|---|
| Format: | Llibre |
| Idioma: | espanyol |
| Publicat: |
Valparaíso
Cetal
1993
|
| Matèries: | |
| Etiquetes: |
Afegir etiqueta
Sense etiquetes, Sigues el primer a etiquetar aquest registre!
|
MARC
| LEADER | 00000nam a2200000 a 4500 | ||
|---|---|---|---|
| 001 | UCR5838 | ||
| 003 | CL-VaPUC | ||
| 008 | 980403e19930000CL |||||||||||||||||spa|d | ||
| 082 | 0 | 4 | |a 388.347 |b NAV |2 21 |
| 100 | |a Navarro, Ricardo A. |e autor |9 406710 | ||
| 700 | 0 | |a Heierli, Urs |e author |9 406711 | |
| 700 | 0 | |a Beck, Víctor |e author |9 406712 | |
| 245 | 1 | 0 | |a Alternativas de transporte en américa latina: la bicicleta y los triciclos |
| 300 | |a 323 p | ||
| 942 | |c BK | ||
| 945 | |d 19980403 00:00:00 |a rbrito | ||
| 260 | |a Valparaíso |b Cetal |c 1993 | ||
| 650 | 7 | |a BICICLETAS |2 CL-VaPUC |9 308217 | |
| 650 | 7 | |a TRICICLOS |2 CL-VaPUC |9 406713 | |
| 650 | 0 | |a Medios de transporte |9 260938 | |
| 650 | 0 | |a Transporte urbano |9 260307 | |
| 651 | 0 | |a América Latina |9 255027 | |
| 583 | |a last modification |c 19980403 00:00:00 |k Rodrigo Vera | ||
| 999 | |c 268186 |d 268184 | ||
| 952 | |0 0 |1 0 |4 0 |6 388_347000000000000_NAV_1993 |7 0 |8 P |9 301135 |a BIBEDU |b BIBEDU |c BIBEDU_PB |d 2019-11-20 |i 3408760 |o 388.347 NAV 1993 |p 3408760 |r 2024-01-25 |w 2019-11-20 |y BK |k EPE | ||